| 000 | 00697nam a2200157Ia 4500 | ||
|---|---|---|---|
| 008 | 151213s9999 xx 000 0 und d | ||
| 100 | _aমো: আলী মিঞা / আলীম উল্লাহ মিঞা | ||
| 245 |
_aপরিসংখ্যান পরিচিতি _cমো: আলী মিঞা / আলীম উল্লাহ মিঞা |
||
| 250 | _a৪র্থ সং | ||
| 260 |
_aঢাকা _bআইডিয়াল লাইব্র্রেলরী _c1985 |
||
| 300 | _a7045 p. | ||
| 650 | _aStatistics | ||
| 650 | _aপরিসংখ্যান | ||
| 700 | _aমো: আলী মিঞা / আলীম উল্লাহ মিঞা | ||
| 999 |
_c3736 _d3736 |
||